Primary mathematics standards for pre-service teachers in Chile. A resource book for teachers and educators.

保存先:
書誌詳細
主要な著者: Felmer Aichele, Patricio (著者), Lewin, Renato (著者), Martínez, Salomé (著者), Reyes, Cristián (著者), Varas, Leonor (著者), Chandía, Eugenio (著者), Dartnell, Pablo (著者), López, Alejandro (著者), Martínez, Claudio (著者), Mena Lorca, Arturo (著者), Ortíz, Arturo (著者), Schwarze, Gloria (著者)
団体著者: Zanocco, Pierina (著者)
フォーマット: 図書
出版事項: New Jersey, USA: World Scientific, 2014.
シリーズ:Series on Mathematics Education
主題:
タグ: タグ追加
タグなし, このレコードへの初めてのタグを付けませんか!

MARC

LEADER 00000nam a22000007a 4500
003 CL-VaPUC
005 20221005083106.0
008 220908t2014 ||||| |||| 00| 0 eng d
999 |c 438639  |d 438637 
020 |a 978-981-4551-81-6 
040 |c Pontificia Universidad Católica de Valparaíso 
082 |a 372.7021883 FEL 2014 
100 |a Felmer Aichele, Patricio  |9 551738  |e author 
245 |a Primary mathematics standards for pre-service teachers in Chile.  |b A resource book for teachers and educators. 
260 |a New Jersey, USA:  |b World Scientific,  |c 2014. 
300 |a 255 páginas. 
490 |a Series on Mathematics Education  |n  9. 
500 |a c.1. Donación Biblioteca MAT. Memo MAT 05/22. 18/08/2022 
583 |c 20220908  |k Catalogador Asistente 
650 |a Matemáticas  |x Estudio y enseñanza (Primaria)  |x Estándares   |z Chile   |9 876441 
700 |a Lewin, Renato  |9 565621  |e author 
700 |a Martínez, Salomé  |9 492666  |e author 
700 |a Reyes, Cristián  |9 528079  |e author 
700 |a Varas, Leonor  |e author  |9 876414 
700 |a Chandía, Eugenio  |9 582441  |e author 
700 |a Dartnell, Pablo  |9 504498  |e author 
700 |a López, Alejandro  |9 771775  |e author 
700 |a Martínez, Claudio  |e author  |9 876415 
700 |a Mena Lorca, Arturo  |9 775862  |e author 
700 |a Ortíz, Arturo  |e author  |9 876416 
700 |a Schwarze, Gloria  |9 502508  |e author 
710 |a Zanocco, Pierina  |e author  |9 876417 
942 |2 ddc  |c BK 
952 |0 0  |1 0  |2 ddc  |4 0  |6 372_702188300000000_FEL_2014  |7 0  |8 A  |9 586630  |a BIBMAT  |b BIBMAT  |c E_DIDACT  |d 2022-09-08  |e Donación  |i 5654590  |o 372.7021883 FEL 2014  |p 5654590  |r 2025-01-07  |t 1  |w 2022-09-08  |y BK  |k MAT